000
00275nam a22001217a 4500
003
SGT
082
_a
610.72
_b
R13G
100
_a
GOYAL, R.C.
245
_a
RESEARCH METHODOLOGY FOR HEALTH PROFESSIONAL
260
_a
INDIA
_b
JAYPEE
_c
2013
300
_a
288
942
_2
ddc
_c
BK
_0
6
999
_c
12073
_d
12073